01241nam a2200145Ia 4500008004100000020001800041100023600059245033900295260002700634650002000661650026000681856005300941999001900994952008201013171212s9999 xx 000 0 und d a9780833087294 aBrown, Ryan Andrew;Marshall, Grant N.;Breslau, Joshua;Farris, Coreen;Osilla, Karen Chan;Pincus, Harold Alan;Ruder, Teague;Voorhies, Phoenix;Barnes-Proby, Dionne;Pfrommer, Katherine;Miyashiro, Lisa;Rana, Yashodhara;Adamson, David M. cBrown, Ryan Andrew;Marshall, Grant N.;Breslau, Joshua;Farris, Coreen;Osilla, Karen Chan;Pincus, Harold Alan;Ruder, Teague;Voorhies, Phoenix;Barnes-Proby, Dionne;Pfrommer, Katherine;Miyashiro, Lisa;Rana, Yashodhara;Adamson, David M.aAccess to Behavioral Health Care for Geographically Remote Service Members and Dependents in the U.S. bRAND Corporationc2014 aHealth Sciences aUnited States. Armed Forces -- Mental health services -- Evaluation; Soldiers -- Mental health services -- United States -- Evaluation; Military dependents -- Mental health services -- United States -- Evaluation; Rural health -- United States; Needs asse uhttp://www.jstor.org/stable/10.7249/j.ctt15zc5d9 c351670d351670 001040aCLbCLd2017-12-12l0oUH629.3r2017-12-12 00:00:00w2017-12-12yCBE